[Event "Chigorin Memorial Blitz 30th"]
[Site "St Petersburg"]
[Date "2023.10.20"]
[Round "7"]
[White "Filippov, Kirill P"]
[Black "Volkov, Sergey"]
[Result "1-0"]
[WhiteElo "2066"]
[BlackElo "2456"]
[PlyCount "159"]
[EventDate "2023.10.20"]
[EventType "swiss (blitz)"]
[EventRounds "11"]
[EventCountry "RUS"]
[SourceTitle "Mega2024 Update 01"]
[Source "Chessbase"]
[SourceDate "2023.11.12"]
[SourceVersion "1"]
[SourceVersionDate "2023.11.12"]
[SourceQuality "1"]

1. d4 d5 2. c4 c6 3. Nc3 Nf6 4. Nf3 a6 5. Qc2 g6 6. e3 Bf5 7. Bd3 Bxd3 8. Qxd3 Bg7 9. 0-0 0-0 10. e4 dxe4 11. Nxe4 Nxe4 12. Qxe4 Nd7 13. Bg5 Re8 14. Rfe1 Nf6 15. Qf4 b5 16. b3 bxc4 17. bxc4 Qd6 18. Ne5 c5 19. d5 Rf8 20. Nc6 Qxf4 21. Bxf4 e6 22. d6 Nh5 23. Be5 f6 24. Bc3 Nf4 25. Rad1 e5 26. d7 Ne6 27. Rd6 Nd8 28. Ba5 Nxc6 29. Rxc6 f5 30. Rd1 Bf6 31. Rxf6 Rxf6 32. d8Q+ Rxd8 33. Rxd8+ Kf7 34. Rd5 e4 35. Kf1 f4 36. Ke2 f3+ 37. gxf3 Rxf3 38. Rxc5 Ra3 39. Bd2 Rxa2 40. Ke3 h5 41. Ra5 Rc2 42. c5 g5 43. Bb4 g4 44. Rxa6 Rc4 45. Ba3 h4 46. c6 Ke6 47. Ra7 Rxc6 48. Kxe4 Rc2 49. Ke3 Rc3+ 50. Kd2 Rh3 51. Ra6+ Kf5 52. Bd6 Rb3 53. Ra2 Ke4 54. Ke2 Rb6 55. Ra4+ Kf5 56. Ba3 Rb1 57. Ra5+ Ke4 58. Ra4+ Kf5 59. Rb4 Rh1 60. Rb5+ Ke4 61. Bd6 Ra1 62. Rb4+ Kf5 63. Rf4+ Kg5 64. Rd4 Kf5 65. Rd2 Ke4 66. Bc5 Rh1 67. Rd4+ Kf5 68. Rd5+ Ke4 69. Rg5 Rc1 70. Be3 Rc2+ 71. Kd1 Ra2 72. Rxg4+ Kf3 73. Rxh4 Ra1+ 74. Kc2 Ra2+ 75. Kb3 Ra8 76. Rf4+ Kg2 77. h4 Rc8 78. h5 Kh3 79. h6 Rh8 80. Rf7 1-0

[Event "AI Cup Play In"]
[Site "Chess.com INT"]
[Date "2023.09.18"]
[Round "7"]
[White "Volkov, Sergey"]
[Black "Kobo, Ori"]
[Result "0-1"]
[WhiteElo "2456"]
[BlackElo "2551"]
[PlyCount "146"]
[EventDate "2023.09.18"]
[EventType "swiss (rapid)"]
[EventRounds "9"]
[EventCountry "USA"]
[SourceTitle "EXT 2024"]
[Source "ChessBase"]
[SourceDate "2023.10.10"]
[SourceVersion "1"]
[SourceVersionDate "2023.10.10"]
[SourceQuality "1"]

1. d4 Nf6 2. c4 g6 3. Nc3 Bg7 4. e4 d6 5. Be2 0-0 6. Nf3 e5 7. Be3 exd4 8. Nxd4 Re8 9. f3 c6 10. Bf2 d5 11. exd5 cxd5 12. 0-0 Nc6 13. c5 Nh5 14. Qd2 Be5 15. g3 Ng7 16. Bb5 Bd7 17. Bxc6 bxc6 18. Rfe1 Qf6 19. f4 Bc7 20. b4 h5 21. b5 Ba5 22. Nxd5 Qd8 23. Rxe8+ Bxe8 24. Nb4 cxb5 25. a3 Nf5 26. Qb2 Nxd4 27. Bxd4 Bxb4 28. axb4 Qe7 29. Kf2 Bc6 30. Re1 Qf8 31. Be5 h4 32. g4 a5 33. Re3 axb4 34. Rh3 Qxc5+ 35. Bd4 Qd5 36. Rxh4 Qg2+ 37. Ke3 Qf3+ 38. Kd2 Qxf4+ 39. Kd1 Qf1+ 40. Kd2 Qf4+ 41. Kd1 Bf3+ 42. Kc2 Qe4+ 43. Kb3 Qd3+ 44. Qc3 Qxc3+ 45. Bxc3 bxc3 46. Kxc3 Ra4 47. h3 Kg7 48. Kb3 Rc4 49. Kb2 Bg2 50. Kb3 Rf4 51. Kc3 Rf3+ 52. Kb4 Rxh3 53. Rxh3 Bxh3 54. g5 Bf1 55. Kc5 f6 56. gxf6+ Kxf6 57. Kd4 Kf5 58. Ke3 b4 59. Kd2 Bc4 60. Ke3 b3 61. Kd2 g5 62. Kc3 Be6 63. Kd3 g4 64. Kc3 g3 65. Kd3 g2 66. Kc3 g1Q 67. Kb4 Qd4+ 68. Ka3 Qa7+ 69. Kb4 b2 70. Kc3 b1R 71. Kd3 Rb3+ 72. Kc2 Qa2+ 73. Kc1 Rb1# 0-1